2003 College Football AP Poll - Statistics

General Stats
  • This quiz has been taken 55 times
  • The average score is 317 of 425
Answer Stats
Week Rank Team W L Conference % Correct
Preseason 2 Ohio State 0 0 Big Ten
97%
Week 1 (9/1) 2 Ohio State 1 0 Big Ten
97%
Week 2 (9/7) 3 Ohio State 2 0 Big Ten
97%
Week 3 (9/14) 5 Ohio State 3 0 Big Ten
97%
Week 4 (9/21) 4 Ohio State 4 0 Big Ten
97%
Week 5 (9/28) 3 Ohio State 5 0 Big Ten
97%
Week 6 (10/5) 3 Ohio State 5 0 Big Ten
97%
Week 7 (10/12) 8 Ohio State 5 1 Big Ten
97%
Week 8 (10/19) 8 Ohio State 6 1 Big Ten
97%
Week 9 (10/26) 8 Ohio State 7 1 Big Ten
97%
Week 10 (11/2) 7 Ohio State 8 1 Big Ten
97%
Week 11 (11/9) 4 Ohio State 9 1 Big Ten
97%
Week 12 (11/16) 4 Ohio State 10 1 Big Ten
97%
Week 13 (11/23) 8 Ohio State 10 2 Big Ten
97%
Week 14 (11/30) 8 Ohio State 10 2 Big Ten
97%
Week 15 (12/7) 7 Ohio State 10 2 Big Ten
97%
Postseason 4 Ohio State 11 2 Big Ten
97%
Preseason 1 Oklahoma 0 0 Big 12
97%
Week 1 (9/1) 1 Oklahoma 1 0 Big 12
97%
Week 2 (9/7) 1 Oklahoma 2 0 Big 12
97%
Week 3 (9/14) 1 Oklahoma 3 0 Big 12
97%
Week 4 (9/21) 1 Oklahoma 4 0 Big 12
97%
Week 5 (9/28) 1 Oklahoma 4 0 Big 12
97%
Week 6 (10/5) 1 Oklahoma 5 0 Big 12
97%
Week 7 (10/12) 1 Oklahoma 6 0 Big 12
97%
Week 8 (10/19) 1 Oklahoma 7 0 Big 12
97%
Week 9 (10/26) 1 Oklahoma 8 0 Big 12
97%
Week 10 (11/2) 1 Oklahoma 9 0 Big 12
97%
Week 11 (11/9) 1 Oklahoma 10 0 Big 12
97%
Week 12 (11/16) 1 Oklahoma 11 0 Big 12
97%
Week 13 (11/23) 1 Oklahoma 12 0 Big 12
97%
Week 14 (11/30) 1 Oklahoma 12 0 Big 12
97%
Week 15 (12/7) 3 Oklahoma 12 1 Big 12
97%
Postseason 3 Oklahoma 12 2 Big 12
97%
Preseason 5 Texas 0 0 Big 12
97%
Week 1 (9/1) 6 Texas 1 0 Big 12
97%
Week 2 (9/7) 6 Texas 2 0 Big 12
97%
Week 3 (9/14) 13 Texas 1 1 Big 12
97%
Week 4 (9/21) 14 Texas 2 1 Big 12
97%
Week 5 (9/28) 13 Texas 3 1 Big 12
97%
Week 6 (10/5) 11 Texas 4 1 Big 12
97%
Week 7 (10/12) 20 Texas 4 2 Big 12
97%
Week 8 (10/19) 19 Texas 5 2 Big 12
97%
Week 9 (10/26) 16 Texas 6 2 Big 12
97%
Week 10 (11/2) 11 Texas 7 2 Big 12
97%
Week 11 (11/9) 6 Texas 8 2 Big 12
97%
Week 12 (11/16) 7 Texas 9 2 Big 12
97%
Week 13 (11/23) 6 Texas 9 2 Big 12
97%
Week 14 (11/30) 6 Texas 10 2 Big 12
97%
Week 15 (12/7) 5 Texas 10 2 Big 12
97%
Postseason 12 Texas 10 3 Big 12
97%
Week 1 (9/1) 21 Florida 1 0 SEC
92%
Week 2 (9/7) 20 Florida 2 0 SEC
92%
Week 3 (9/14) 17 Florida 2 1 SEC
92%
Week 4 (9/21) 25 Florida 2 2 SEC
92%
Week 5 (9/28) 24 Florida 3 2 SEC
92%
Week 8 (10/19) 25 Florida 5 3 SEC
92%
Week 9 (10/26) 23 Florida 5 3 SEC
92%
Week 10 (11/2) 17 Florida 6 3 SEC
92%
Week 11 (11/9) 15 Florida 6 3 SEC
92%
Week 12 (11/16) 13 Florida 8 3 SEC
92%
Week 13 (11/23) 11 Florida 8 3 SEC
92%
Week 14 (11/30) 16 Florida 8 4 SEC
92%
Week 15 (12/7) 17 Florida 8 4 SEC
92%
Postseason 24 Florida 8 5 SEC
92%
Preseason 4 Michigan 0 0 Big Ten
92%
Week 1 (9/1) 5 Michigan 1 0 Big Ten
92%
Week 2 (9/7) 5 Michigan 2 0 Big Ten
92%
Week 3 (9/14) 3 Michigan 3 0 Big Ten
92%
Week 4 (9/21) 11 Michigan 3 1 Big Ten
92%
Week 5 (9/28) 9 Michigan 4 1 Big Ten
92%
Week 6 (10/5) 20 Michigan 4 2 Big Ten
92%
Week 7 (10/12) 17 Michigan 5 2 Big Ten
92%
Week 8 (10/19) 13 Michigan 6 2 Big Ten
92%
Week 9 (10/26) 11 Michigan 7 2 Big Ten
92%
Week 10 (11/2) 8 Michigan 8 2 Big Ten
92%
Week 11 (11/9) 5 Michigan 8 2 Big Ten
92%
Week 12 (11/16) 5 Michigan 9 2 Big Ten
92%
Week 13 (11/23) 4 Michigan 10 2 Big Ten
92%
Week 14 (11/30) 4 Michigan 10 2 Big Ten
92%
Week 15 (12/7) 4 Michigan 10 2 Big Ten
92%
Postseason 6 Michigan 10 3 Big Ten
92%
Preseason 8 USC 0 0 Pacific-10
92%
Week 1 (9/1) 4 USC 1 0 Pacific-10
92%
Week 2 (9/7) 4 USC 2 0 Pacific-10
92%
Week 3 (9/14) 4 USC 3 0 Pacific-10
92%
Week 4 (9/21) 3 USC 3 0 Pacific-10
92%
Week 5 (9/28) 10 USC 3 1 Pacific-10
92%
Week 6 (10/5) 9 USC 4 1 Pacific-10
92%
Week 7 (10/12) 5 USC 5 1 Pacific-10
92%
Week 8 (10/19) 5 USC 6 1 Pacific-10
92%
Week 9 (10/26) 3 USC 7 1 Pacific-10
92%
Week 10 (11/2) 2 USC 8 1 Pacific-10
92%
Week 11 (11/9) 2 USC 8 1 Pacific-10
92%
Week 12 (11/16) 2 USC 9 1 Pacific-10
92%
Week 13 (11/23) 2 USC 10 1 Pacific-10
92%
Week 14 (11/30) 2 USC 10 1 Pacific-10
92%
Week 15 (12/7) 1 USC 11 1 Pacific-10
92%
Postseason 1 USC 12 1 Pacific-10
92%
Preseason 13 Florida State 0 0 ACC
89%
Week 1 (9/1) 11 Florida State 1 0 ACC
89%
Week 2 (9/7) 10 Florida State 2 0 ACC
89%
Week 3 (9/14) 10 Florida State 3 0 ACC
89%
Week 4 (9/21) 6 Florida State 4 0 ACC
89%
Week 5 (9/28) 5 Florida State 5 0 ACC
89%
Week 6 (10/5) 5 Florida State 5 0 ACC
89%
Week 7 (10/12) 7 Florida State 5 1 ACC
89%
Week 8 (10/19) 6 Florida State 6 1 ACC
89%
Week 9 (10/26) 5 Florida State 7 1 ACC
89%
Week 10 (11/2) 3 Florida State 8 1 ACC
89%
Week 11 (11/9) 13 Florida State 8 2 ACC
89%
Week 12 (11/16) 11 Florida State 9 2 ACC
89%
Week 13 (11/23) 9 Florida State 9 2 ACC
89%
Week 14 (11/30) 9 Florida State 10 2 ACC
89%
Week 15 (12/7) 9 Florida State 10 2 ACC
89%
Postseason 11 Florida State 10 3 ACC
89%
Preseason 11 Georgia 0 0 SEC
89%
Week 1 (9/1) 8 Georgia 1 0 SEC
89%
Week 2 (9/7) 8 Georgia 2 0 SEC
89%
Week 3 (9/14) 7 Georgia 3 0 SEC
89%
Week 4 (9/21) 12 Georgia 3 1 SEC
89%
Week 5 (9/28) 11 Georgia 3 1 SEC
89%
Week 6 (10/5) 8 Georgia 4 1 SEC
89%
Week 7 (10/12) 4 Georgia 5 1 SEC
89%
Week 8 (10/19) 4 Georgia 6 1 SEC
89%
Week 9 (10/26) 4 Georgia 7 1 SEC
89%
Week 10 (11/2) 9 Georgia 7 2 SEC
89%
Week 11 (11/9) 7 Georgia 7 2 SEC
89%
Week 12 (11/16) 6 Georgia 8 2 SEC
89%
Week 13 (11/23) 5 Georgia 9 2 SEC
89%
Week 14 (11/30) 5 Georgia 10 2 SEC
89%
Week 15 (12/7) 11 Georgia 10 3 SEC
89%
Postseason 7 Georgia 11 3 SEC
89%
Week 3 (9/14) 21 Alabama 2 1 SEC
86%
Preseason 3 Miami 0 0 Big East
86%
Week 1 (9/1) 3 Miami 1 0 Big East
86%
Week 2 (9/7) 2 Miami 2 0 Big East
86%
Week 3 (9/14) 2 Miami 3 0 Big East
86%
Week 4 (9/21) 2 Miami 4 0 Big East
86%
Week 5 (9/28) 2 Miami 4 0 Big East
86%
Week 6 (10/5) 2 Miami 5 0 Big East
86%
Week 7 (10/12) 2 Miami 6 0 Big East
86%
Week 8 (10/19) 2 Miami 7 0 Big East
86%
Week 9 (10/26) 2 Miami 7 0 Big East
86%
Week 10 (11/2) 6 Miami 7 1 Big East
86%
Week 11 (11/9) 14 Miami 7 2 Big East
86%
Week 12 (11/16) 14 Miami 8 2 Big East
86%
Week 13 (11/23) 10 Miami 9 2 Big East
86%
Week 14 (11/30) 10 Miami 10 2 Big East
86%
Week 15 (12/7) 10 Miami 10 2 Big East
86%
Postseason 5 Miami 11 2 Big East
86%
Week 11 (11/9) 23 Miami of Ohio 8 1 MAC
86%
Week 12 (11/16) 18 Miami of Ohio 9 1 MAC
86%
Week 13 (11/23) 15 Miami of Ohio 10 1 MAC
86%
Week 14 (11/30) 14 Miami of Ohio 11 1 MAC
86%
Week 15 (12/7) 14 Miami of Ohio 12 1 MAC
86%
Postseason 10 Miami of Ohio 13 1 MAC
86%
Week 5 (9/28) 25 Michigan State 4 1 Big Ten
86%
Week 6 (10/5) 21 Michigan State 5 1 Big Ten
86%
Week 7 (10/12) 15 Michigan State 6 1 Big Ten
86%
Week 8 (10/19) 11 Michigan State 7 1 Big Ten
86%
Week 9 (10/26) 9 Michigan State 7 1 Big Ten
86%
Week 10 (11/2) 14 Michigan State 7 2 Big Ten
86%
Week 11 (11/9) 21 Michigan State 7 3 Big Ten
86%
Preseason 6 Auburn 0 0 SEC
83%
Week 1 (9/1) 17 Auburn 0 1 SEC
83%
Week 7 (10/12) 18 Auburn 4 2 SEC
83%
Week 8 (10/19) 17 Auburn 5 2 SEC
83%
Preseason 14 LSU 0 0 SEC
83%
Week 1 (9/1) 13 LSU 1 0 SEC
83%
Week 2 (9/7) 12 LSU 1 0 SEC
83%
Week 3 (9/14) 11 LSU 3 0 SEC
83%
Week 4 (9/21) 7 LSU 4 0 SEC
83%
Week 5 (9/28) 6 LSU 5 0 SEC
83%
Week 6 (10/5) 6 LSU 5 0 SEC
83%
Week 7 (10/12) 10 LSU 5 1 SEC
83%
Week 8 (10/19) 9 LSU 6 1 SEC
83%
Week 9 (10/26) 7 LSU 7 1 SEC
83%
Week 10 (11/2) 4 LSU 8 1 SEC
83%
Week 11 (11/9) 3 LSU 8 1 SEC
83%
Week 12 (11/16) 3 LSU 9 1 SEC
83%
Week 13 (11/23) 3 LSU 10 1 SEC
83%
Week 14 (11/30) 3 LSU 11 1 SEC
83%
Week 15 (12/7) 2 LSU 12 1 SEC
83%
Postseason 2 LSU 13 1 SEC
83%
Week 1 (9/1) 23 Nebraska 1 0 Big 12
83%
Week 2 (9/7) 18 Nebraska 2 0 Big 12
83%
Week 3 (9/14) 15 Nebraska 3 0 Big 12
83%
Week 4 (9/21) 15 Nebraska 3 0 Big 12
83%
Week 5 (9/28) 12 Nebraska 4 0 Big 12
83%
Week 6 (10/5) 10 Nebraska 5 0 Big 12
83%
Week 7 (10/12) 19 Nebraska 5 1 Big 12
83%
Week 8 (10/19) 14 Nebraska 6 1 Big 12
83%
Week 9 (10/26) 12 Nebraska 7 1 Big 12
83%
Week 10 (11/2) 19 Nebraska 7 2 Big 12
83%
Week 11 (11/9) 18 Nebraska 8 2 Big 12
83%
Week 12 (11/16) 23 Nebraska 8 3 Big 12
83%
Week 13 (11/23) 25 Nebraska 8 3 Big 12
83%
Week 14 (11/30) 23 Nebraska 9 3 Big 12
83%
Week 15 (12/7) 22 Nebraska 9 3 Big 12
83%
Postseason 19 Nebraska 10 3 Big 12
83%
Week 3 (9/14) 22 Oregon 3 0 Pacific-10
83%
Week 4 (9/21) 10 Oregon 4 0 Pacific-10
83%
Week 5 (9/28) 19 Oregon 4 1 Pacific-10
83%
Preseason 7 Kansas State 0 0 Big 12
81%
Week 1 (9/1) 7 Kansas State 2 0 Big 12
81%
Week 2 (9/7) 7 Kansas State 3 0 Big 12
81%
Week 3 (9/14) 6 Kansas State 4 0 Big 12
81%
Week 4 (9/21) 16 Kansas State 4 1 Big 12
81%
Week 5 (9/28) 16 Kansas State 4 1 Big 12
81%
Week 6 (10/5) 22 Kansas State 4 2 Big 12
81%
Week 12 (11/16) 19 Kansas State 9 3 Big 12
81%
Week 13 (11/23) 14 Kansas State 10 3 Big 12
81%
Week 14 (11/30) 13 Kansas State 10 3 Big 12
81%
Week 15 (12/7) 8 Kansas State 11 3 Big 12
81%
Postseason 14 Kansas State 11 4 Big 12
81%
Preseason 17 Washington 0 0 Pacific-10
81%
Week 1 (9/1) 22 Washington 0 1 Pacific-10
81%
Week 2 (9/7) 21 Washington 1 1 Pacific-10
81%
Week 3 (9/14) 19 Washington 1 1 Pacific-10
81%
Week 4 (9/21) 18 Washington 2 1 Pacific-10
81%
Week 5 (9/28) 18 Washington 3 1 Pacific-10
81%
Preseason 18 Virginia 0 0 ACC
78%
Week 1 (9/1) 15 Virginia 1 0 ACC
78%
Week 6 (10/5) 25 Virginia 4 1 ACC
78%
Preseason 12 Tennessee 0 0 SEC
75%
Week 1 (9/1) 12 Tennessee 1 0 SEC
75%
Week 2 (9/7) 13 Tennessee 2 0 SEC
75%
Week 3 (9/14) 12 Tennessee 2 0 SEC
75%
Week 4 (9/21) 8 Tennessee 3 0 SEC
75%
Week 5 (9/28) 7 Tennessee 4 0 SEC
75%
Week 6 (10/5) 13 Tennessee 4 1 SEC
75%
Week 7 (10/12) 21 Tennessee 4 2 SEC
75%
Week 8 (10/19) 22 Tennessee 4 2 SEC
75%
Week 9 (10/26) 19 Tennessee 5 2 SEC
75%
Week 10 (11/2) 18 Tennessee 6 2 SEC
75%
Week 11 (11/9) 9 Tennessee 7 2 SEC
75%
Week 12 (11/16) 9 Tennessee 8 2 SEC
75%
Week 13 (11/23) 7 Tennessee 9 2 SEC
75%
Week 14 (11/30) 7 Tennessee 10 2 SEC
75%
Week 15 (12/7) 6 Tennessee 10 2 SEC
75%
Postseason 15 Tennessee 10 3 SEC
75%
Preseason 9 Virginia Tech 0 0 Big East
75%
Week 1 (9/1) 9 Virginia Tech 1 0 Big East
75%
Week 2 (9/7) 9 Virginia Tech 2 0 Big East
75%
Week 3 (9/14) 8 Virginia Tech 2 0 Big East
75%
Week 4 (9/21) 5 Virginia Tech 3 0 Big East
75%
Week 5 (9/28) 4 Virginia Tech 4 0 Big East
75%
Week 6 (10/5) 4 Virginia Tech 5 0 Big East
75%
Week 7 (10/12) 3 Virginia Tech 6 0 Big East
75%
Week 8 (10/19) 3 Virginia Tech 6 0 Big East
75%
Week 9 (10/26) 10 Virginia Tech 6 1 Big East
75%
Week 10 (11/2) 5 Virginia Tech 7 1 Big East
75%
Week 11 (11/9) 12 Virginia Tech 7 2 Big East
75%
Week 12 (11/16) 12 Virginia Tech 8 2 Big East
75%
Week 13 (11/23) 21 Virginia Tech 8 3 Big East
75%
Preseason 20 Notre Dame 0 0 Independent
72%
Week 1 (9/1) 19 Notre Dame 0 0 Independent
72%
Week 2 (9/7) 15 Notre Dame 1 0 Independent
72%
Postseason 22 Clemson 9 4 ACC
69%
Week 6 (10/5) 24 Oregon State 5 1 Pacific-10
69%
Week 7 (10/12) 22 Oregon State 5 1 Pacific-10
69%
Preseason 22 Arizona State 0 0 Pacific-10
67%
Week 1 (9/1) 20 Arizona State 0 0 Pacific-10
67%
Week 2 (9/7) 16 Arizona State 1 0 Pacific-10
67%
Week 3 (9/14) 16 Arizona State 2 0 Pacific-10
67%
Preseason 15 Maryland 0 0 ACC
67%
Week 14 (11/30) 24 Maryland 9 3 ACC
67%
Week 15 (12/7) 23 Maryland 9 3 ACC
67%
Postseason 17 Maryland 10 3 ACC
67%
Preseason 21 Wisconsin 0 0 Big Ten
67%
Week 1 (9/1) 18 Wisconsin 1 0 Big Ten
67%
Week 2 (9/7) 14 Wisconsin 1 0 Big Ten
67%
Week 6 (10/5) 23 Wisconsin 5 1 Big Ten
67%
Week 7 (10/12) 14 Wisconsin 6 1 Big Ten
67%
Week 8 (10/19) 20 Wisconsin 6 2 Big Ten
67%
Week 9 (10/26) 20 Ole Miss 6 2 SEC
64%
Week 10 (11/2) 20 Ole Miss 7 2 SEC
64%
Week 11 (11/9) 17 Ole Miss 8 2 SEC
64%
Week 12 (11/16) 15 Ole Miss 8 2 SEC
64%
Week 13 (11/23) 17 Ole Miss 8 3 SEC
64%
Week 14 (11/30) 17 Ole Miss 9 3 SEC
64%
Week 15 (12/7) 16 Ole Miss 9 3 SEC
64%
Postseason 13 Ole Miss 10 3 SEC
64%
Week 8 (10/19) 24 Utah 6 1 Mountain West
64%
Week 15 (12/7) 25 Utah 9 2 Mountain West
64%
Postseason 21 Utah 10 2 Mountain West
64%
Week 3 (9/14) 24 Washington State 2 1 Pacific-10
64%
Week 4 (9/21) 21 Washington State 3 1 Pacific-10
64%
Week 5 (9/28) 14 Washington State 4 1 Pacific-10
64%
Week 6 (10/5) 12 Washington State 5 1 Pacific-10
64%
Week 7 (10/12) 6 Washington State 5 1 Pacific-10
64%
Week 8 (10/19) 7 Washington State 6 1 Pacific-10
64%
Week 9 (10/26) 6 Washington State 7 1 Pacific-10
64%
Week 10 (11/2) 12 Washington State 7 2 Pacific-10
64%
Week 11 (11/9) 8 Washington State 8 2 Pacific-10
64%
Week 12 (11/16) 8 Washington State 9 2 Pacific-10
64%
Week 13 (11/23) 16 Washington State 9 3 Pacific-10
64%
Week 14 (11/30) 15 Washington State 9 3 Pacific-10
64%
Week 15 (12/7) 15 Washington State 9 3 Pacific-10
64%
Postseason 9 Washington State 10 3 Pacific-10
64%
Week 12 (11/16) 25 West Virginia 6 4 Big East
64%
Week 13 (11/23) 24 West Virginia 7 4 Big East
64%
Week 14 (11/30) 21 West Virginia 8 4 Big East
64%
Week 15 (12/7) 20 West Virginia 8 4 Big East
64%
Week 3 (9/14) 14 Arkansas 2 0 SEC
61%
Week 4 (9/21) 9 Arkansas 3 0 SEC
61%
Week 5 (9/28) 8 Arkansas 4 0 SEC
61%
Week 6 (10/5) 7 Arkansas 4 0 SEC
61%
Week 7 (10/12) 11 Arkansas 4 1 SEC
61%
Week 8 (10/19) 21 Arkansas 4 2 SEC
61%
Week 4 (9/21) 24 Minnesota 4 0 Big Ten
61%
Week 5 (9/28) 21 Minnesota 5 0 Big Ten
61%
Week 6 (10/5) 17 Minnesota 6 0 Big Ten
61%
Week 7 (10/12) 25 Minnesota 6 1 Big Ten
61%
Week 9 (10/26) 24 Minnesota 7 2 Big Ten
61%
Week 10 (11/2) 24 Minnesota 8 2 Big Ten
61%
Week 11 (11/9) 19 Minnesota 9 2 Big Ten
61%
Week 14 (11/30) 25 Minnesota 9 3 Big Ten
61%
Week 15 (12/7) 24 Minnesota 9 3 Big Ten
61%
Postseason 20 Minnesota 10 3 Big Ten
61%
Preseason 24 Oklahoma State 0 0 Big 12
61%
Week 7 (10/12) 23 Oklahoma State 5 1 Big 12
61%
Week 8 (10/19) 18 Oklahoma State 6 1 Big 12
61%
Week 9 (10/26) 14 Oklahoma State 7 1 Big 12
61%
Week 10 (11/2) 21 Oklahoma State 7 2 Big 12
61%
Week 12 (11/16) 24 Oklahoma State 8 3 Big 12
61%
Week 13 (11/23) 23 Oklahoma State 9 3 Big 12
61%
Week 14 (11/30) 22 Oklahoma State 9 3 Big 12
61%
Week 15 (12/7) 21 Oklahoma State 9 3 Big 12
61%
Preseason 10 Pittsburgh 0 0 Big East
61%
Week 1 (9/1) 10 Pittsburgh 0 0 Big East
61%
Week 2 (9/7) 11 Pittsburgh 2 0 Big East
61%
Week 3 (9/14) 9 Pittsburgh 2 0 Big East
61%
Week 4 (9/21) 17 Pittsburgh 2 1 Big East
61%
Week 5 (9/28) 15 Pittsburgh 3 1 Big East
61%
Week 6 (10/5) 15 Pittsburgh 3 1 Big East
61%
Week 9 (10/26) 25 Pittsburgh 5 2 Big East
61%
Week 10 (11/2) 25 Pittsburgh 6 2 Big East
61%
Week 11 (11/9) 16 Pittsburgh 7 2 Big East
61%
Week 12 (11/16) 21 Pittsburgh 7 3 Big East
61%
Week 13 (11/23) 20 Pittsburgh 8 3 Big East
61%
Week 2 (9/7) 23 Iowa 2 0 Big Ten
58%
Week 3 (9/14) 18 Iowa 3 0 Big Ten
58%
Week 4 (9/21) 13 Iowa 4 0 Big Ten
58%
Week 5 (9/28) 23 Iowa 4 1 Big Ten
58%
Week 6 (10/5) 14 Iowa 5 1 Big Ten
58%
Week 7 (10/12) 9 Iowa 5 1 Big Ten
58%
Week 8 (10/19) 16 Iowa 5 2 Big Ten
58%
Week 9 (10/26) 13 Iowa 6 2 Big Ten
58%
Week 10 (11/2) 10 Iowa 7 2 Big Ten
58%
Week 11 (11/9) 20 Iowa 7 3 Big Ten
58%
Week 12 (11/16) 17 Iowa 8 3 Big Ten
58%
Week 13 (11/23) 13 Iowa 9 3 Big Ten
58%
Week 14 (11/30) 12 Iowa 9 3 Big Ten
58%
Week 15 (12/7) 13 Iowa 9 3 Big Ten
58%
Postseason 8 Iowa 10 3 Big Ten
58%
Week 3 (9/14) 23 Missouri 3 0 Big 12
58%
Week 4 (9/21) 23 Missouri 4 0 Big 12
58%
Week 7 (10/12) 24 Missouri 5 1 Big 12
58%
Week 9 (10/26) 21 Missouri 6 2 Big 12
58%
Week 10 (11/2) 22 Missouri 6 2 Big 12
58%
Preseason 19 Purdue 0 0 Big Ten
58%
Week 1 (9/1) 16 Purdue 0 0 Big Ten
58%
Week 3 (9/14) 25 Purdue 1 1 Big Ten
58%
Week 4 (9/21) 22 Purdue 2 1 Big Ten
58%
Week 5 (9/28) 22 Purdue 3 1 Big Ten
58%
Week 6 (10/5) 18 Purdue 4 1 Big Ten
58%
Week 7 (10/12) 13 Purdue 5 1 Big Ten
58%
Week 8 (10/19) 10 Purdue 6 1 Big Ten
58%
Week 9 (10/26) 18 Purdue 6 2 Big Ten
58%
Week 10 (11/2) 16 Purdue 7 2 Big Ten
58%
Week 11 (11/9) 11 Purdue 8 2 Big Ten
58%
Week 12 (11/16) 16 Purdue 8 3 Big Ten
58%
Week 13 (11/23) 12 Purdue 9 3 Big Ten
58%
Week 14 (11/30) 11 Purdue 9 3 Big Ten
58%
Week 15 (12/7) 12 Purdue 9 3 Big Ten
58%
Postseason 18 Purdue 9 4 Big Ten
58%
Week 2 (9/7) 25 South Carolina 2 0 SEC
58%
Week 1 (9/1) 24 Colorado 1 0 Big 12
56%
Week 2 (9/7) 17 Colorado 2 0 Big 12
56%
Preseason 16 NC State 0 0 ACC
56%
Week 1 (9/1) 14 NC State 1 0 ACC
56%
Week 2 (9/7) 24 NC State 1 1 ACC
56%
Preseason 25 TCU 0 0 C-USA
56%
Week 1 (9/1) 25 TCU 0 0 C-USA
56%
Week 2 (9/7) 22 TCU 2 0 C-USA
56%
Week 3 (9/14) 20 TCU 2 0 C-USA
56%
Week 4 (9/21) 19 TCU 3 0 C-USA
56%
Week 5 (9/28) 20 TCU 4 0 C-USA
56%
Week 6 (10/5) 19 TCU 5 0 C-USA
56%
Week 7 (10/12) 16 TCU 6 0 C-USA
56%
Week 8 (10/19) 15 TCU 7 0 C-USA
56%
Week 9 (10/26) 15 TCU 8 0 C-USA
56%
Week 10 (11/2) 13 TCU 8 0 C-USA
56%
Week 11 (11/9) 10 TCU 9 0 C-USA
56%
Week 12 (11/16) 10 TCU 10 0 C-USA
56%
Week 13 (11/23) 19 TCU 10 1 C-USA
56%
Week 14 (11/30) 19 TCU 11 1 C-USA
56%
Week 15 (12/7) 19 TCU 11 1 C-USA
56%
Postseason 25 TCU 11 2 C-USA
56%
Week 11 (11/9) 24 Boise State 8 1 WAC
50%
Week 12 (11/16) 20 Boise State 9 1 WAC
50%
Week 13 (11/23) 18 Boise State 10 1 WAC
50%
Week 14 (11/30) 18 Boise State 11 1 WAC
50%
Week 15 (12/7) 18 Boise State 12 1 WAC
50%
Postseason 16 Boise State 13 1 WAC
50%
Week 2 (9/7) 19 Wake Forest 2 0 ACC
47%
Preseason 23 Colorado State 0 0 Mountain West
31%
Week 8 (10/19) 23 Bowling Green 6 1 MAC
6%
Week 9 (10/26) 17 Bowling Green 7 1 MAC
6%
Week 10 (11/2) 15 Bowling Green 7 1 MAC
6%
Week 11 (11/9) 25 Bowling Green 7 2 MAC
6%
Week 12 (11/16) 22 Bowling Green 8 2 MAC
6%
Week 13 (11/23) 22 Bowling Green 9 2 MAC
6%
Week 14 (11/30) 20 Bowling Green 10 2 MAC
6%
Postseason 23 Bowling Green 11 3 MAC
6%
Week 4 (9/21) 20 Northern Illinois 3 0 MAC
6%
Week 5 (9/28) 17 Northern Illinois 4 0 MAC
6%
Week 6 (10/5) 16 Northern Illinois 5 0 MAC
6%
Week 7 (10/12) 12 Northern Illinois 6 0 MAC
6%
Week 8 (10/19) 12 Northern Illinois 7 0 MAC
6%
Week 9 (10/26) 22 Northern Illinois 7 1 MAC
6%
Week 10 (11/2) 23 Northern Illinois 8 1 MAC
6%
Week 11 (11/9) 22 Northern Illinois 9 1 MAC
6%
No matching quizzes found
Score Distribution
Percent of People with Each Score
Percentile by Number Answered
Your Score History
You have not taken this quiz